00666nam a2200217 a 4500001001300000003000900013005001700022008004100039020002300080082001500103100002600118245005300144260002500197300000900222500003500231650002200266902000800288942000700296952012800303999001700431nice12345678IN_TiNIC20260116014226.0080623s2002 dela grp 000 0 eng  a8186706542 c35000a305.4bBYS aBystydzienski, Jill M aDemocratization and Women`s Grassroots Movements aDelhibZubaan c2002 a397p aincludes index and biblioraphy aWomen-Empowerment bSRS cBK 001040708StackRoom-aHMIbHMId2008-06-23g350.00l1o305.4 BYSp022450r2019-09-18s2019-09-06v350.00w2008-06-23yBK c14410d14410